00293nam a2200121Ia 4500008004100000041001200041082001100053100001500064245006500079260000600144650000600150700001500156221030s9999 xx 000 0 und d aEnglish a105.23 aB. S. Bahl 0aEssentials of Physical Chemistrycby B. S. Bahl , G. D. Tuli c0 aB aG. D. Tuli